[Event "ROM-ch U08"]
[Site "Calimanesti"]
[Date "2013.04.03"]
[Round "3"]
[White "Pavaluc, Robert Nicolae"]
[Black "Balaban Voia, Alexandru"]
[Result "1/2-1/2"]
[WhiteElo "1248"]
[BlackElo "1249"]
[PlyCount "96"]
[EventDate "2013.04.02"]
[EventType "swiss"]
[EventRounds "9"]
[EventCountry "ROU"]
[SourceTitle "CBM 153 Extra"]
[Source "ChessBase"]
[SourceDate "2013.04.22"]
[SourceVersion "1"]
[SourceVersionDate "2013.04.22"]
[SourceQuality "1"]

1. e4 e5 2. Nf3 Nc6 3. d4 exd4 4. Nxd4 Bc5 5. Be3 Nxd4 6. Bxd4 Bxd4 7. Qxd4 Qf6 8. Qxf6 Nxf6 9. Nc3 a6 10. 0-0-0 d6 11. f3 Bd7 12. Bc4 Rf8 13. Rd3 0-0-0 14. Rhd1 Bc6 15. Kd2 b5 16. Bb3 b4 17. Nd5 Nxd5 18. Bxd5 Bxd5 19. Rxd5 Kb7 20. Kd3 c5 21. Kc4 Kc6 22. e5 Rd7 23. Rxd6+ Rxd6 24. Rxd6+ Kb7 25. Kxc5 Rc8+ 26. Kxb4 Rxc2 27. Rd7+ Kb6 28. Rxf7 Rxb2+ 29. Ka3 Rxg2 30. e6 Kc6 31. Ra7 Re2 32. Rxa6+ Kc7 33. Ra7+ Kd6 34. Rxg7 Rxe6 35. Rxh7 Re3+ 36. Kb4 Rxf3 37. Rh6+ Kc7 38. Rh7+ Kb6 39. Rh4 Rf2 40. a3 Rb2+ 41. Kc3 Rf2 42. Rh3 Kb5 43. Kb3 Rf1 44. Rh5+ Kb6 45. Kc2 Rf2+ 46. Kd1 Ra2 47. Rh3 Kc5 48. Rg3 Rxh2 1/2-1/2